| 000 | 00488nam a2200169Ia 4500 | ||
|---|---|---|---|
| 003 | LK-CoDNM | ||
| 008 | 010623t1963 xxu||||| |||| 00| 1 eng d | ||
| 040 |
_aLK-CoDNM _dLK-CoDNM _eLK-CoDNM |
||
| 041 | _aeng | ||
| 080 | _a14 K 31 | ||
| 100 | _aJayawardena,N.U. | ||
| 245 | _aThe institute of Chartered Accountants of Ceylon Lecture : Public Finabce in Ceylon | ||
| 260 |
_bInstitute of Chartered Accountants _aColombo _c1963 |
||
| 300 | _b126p., 22 cm | ||
| 650 | _aTax | ||
| 942 | _cBK | ||
| 999 |
_c106272 _d106272 |
||